000 00825nam a22002177a 4500
003 UA-OsUOA
001 115196
007 ta
008 20151209b un ||||| |||| 00| 0 ukr d
100 _aХом!як І.
090 _a81
_bХ76
942 _cSA
040 _aUA-OsUOA
_bukr
_cUA-OsUOA
_dUA-OsUOA
245 _aЛюбов до мови й уживаного слова (про діяльність О.М. Біляєва - провідного вченого України в галузі лінгводидактики)
300 _aС.17-22
955 _a0
041 _aukr
080 _a81
773 0 _w115195
_tУкраїнська мова і література в школі
_dК.
_d2015
_g4
650 7 _a8 Мовознавство. Художня література. Літературознавство
_2UDC
999 _c401345
_d401345